000 00707nam a22002297a 4500
003 DO-SdBPM
005 20250225082132.0
008 1607181996 xxu a spa d
020 _a059069331X
040 _aDO-SdBPM
_bspa
_cBPMSU
082 4 _a819.3
_bB772s 1996
_222
100 1 _aBourgeois, Paulette
_d1951-
245 1 0 _aFranklin´s school play /
_cPaulette Bourgeois, Brenda Clark
260 _aNew York :
_bScholastic,
_c1996.
300 _a[30] p. :
_bil. ;
_c23 cm.
500 _aLibros infantiles en inglés
650 4 _aCuentos infantiles canadienses
650 4 _aLibros ilustrados para niños
700 1 _aClark, Brenda
910 _aVMateo V. Control de calidad. BPMSU
942 _2ddc
_cBK
999 _c12436
_d12436